مكتبة جامعة عجلون الوطنية

فهرس بحث المكتبة

A dictionary of scientific units : including dimensionless numbers and scales (Record no. 2882)

MARC details
000 -LEADER
fixed length control field 00759nam a2200229Ii 4500
003 - CONTROL NUMBER IDENTIFIER
control field JO-AjNU
008 - FIXED-LENGTH DATA ELEMENTS--GENERAL INFORMATION
fixed length control field 230606s9999||||xx |||||||||||||| ||und||
020 ## - INTERNATIONAL STANDARD BOOK NUMBER
International Standard Book Number 0-412-22360-0/0-412-22370-8
040 ## - CATALOGING SOURCE
Original cataloging agency JO-AjNU
Language of cataloging eng
Description conventions rda
Transcribing agency JO-AjNU
041 ## - LANGUAGE CODE
Language code of text/sound track or separate title eng
050 14 - LIBRARY OF CONGRESS CALL NUMBER
Classification number QC82.J4 1980
100 3# - MAIN ENTRY--PERSONAL NAME
Personal name Jerrard,H.G/D.B. McNeill,
Relator term author
9 (RLIN) 5574
245 00 - TITLE STATEMENT
Title A dictionary of scientific units : including dimensionless numbers and scales
250 ## - EDITION STATEMENT
Edition statement 4 ed
264 31 - PRODUCTION, PUBLICATION, DISTRIBUTION, MANUFACTURE, AND COPYRIGHT NOTICE
Place of production, publication, distribution, manufacture London ; New York :Chapman and Hall,1980
300 ## - PHYSICAL DESCRIPTION
Extent 212p
Other physical details Includes references indexes(p182-212)
336 ## - CONTENT TYPE
Content type term text
Content type code txt
Source rdacontent
337 ## - MEDIA TYPE
Media type term unmediated
Media type code n
Source rdamedia
338 ## - CARRIER TYPE
Carrier type term volume
Carrier type code nc
Source rdacarrier
490 0# - SERIES STATEMENT
Series statement Science paperbacks ;20
650 #4 - SUBJECT ADDED ENTRY--TOPICAL TERM
Topical term or geographic name entry element Units - Dictionaries
9 (RLIN) 5575
Holdings
Withdrawn status Lost status Source of classification or shelving scheme Damaged status Not for loan Home library Current library Shelving location Date acquired Total Checkouts Full call number Barcode Date last seen Price effective from Koha item type
    Library of Congress Classification   Not For Loan مكتبة جامعة عجلون الوطنية مكتبة جامعة عجلون الوطنية المراجع 06/06/2023   QC82.J4 1980 E2884 06/06/2023 06/06/2023 Reference